Sweeney Todd- easy - Statistics

General Stats
  • This quiz has been taken 136 times
  • The average score is 11 of 15
Answer Stats
Question Answer % Correct
what is Mrs. Lovett famous for? her incredibly bad pies
100%
who is Benjamin Barker? the true identity of Sweeney
97%
why does Sweeney want revenge on Turpin? because he ripped him from his family
95%
what is Sweeneys favorite activity? killing people
95%
who are the two people that Tobey has worked for? Mrs. Lovett and Mr. Pirelli
95%
Who kills Sweeney in the end? Tobey
95%
what is Mrs. Lovetts favorite activity? baking priests into her oh so delicious meat pies
92%
Who is Sweeney´s wife? the beggars woman
89%
what is Johannas favorite activity? competing with birds in singing
73%
what is not Judge Turpins favorite activity? having a little nice chat with Sweeney
70%
Who does Judge Turpin not intend to marry? Mrs. Lovett
68%
what is not Pirellis favorite activity chilling in a chest
54%
what is Tobeys favorite activity watching Mrs. Lovett making meat pies
27%
what is Anthonys favorite activity? interrupting
19%
what is beadles favorite activity? stinking
11%
No matching quizzes found
Score Distribution
Percent of People with Each Score
Percentile by Number Answered
Your Score History
You have not taken this quiz